000 00751nam a22001697a 4500
999 _c63407
_d63407
003 Ge_BSU
005 20251002150724.0
008 251002s1960 ge ||||| |||| 00| 0 geo d
041 _ageo
080 _a631.115.6(479.22) ჭ-71
100 _aჭოჭუა, შ.
_925924
245 _aშვიდწლედის ადამიანები :
_b(ჯაფარიძელ კოლმეურნეთა გამოცდილება) /
_c შ. ჭოჭუა.
264 _aთბილისი :
_bსაბჭ. საქართველო,
_c1960.
300 _a90 გვ. :
_bილ. ;
_c20 სმ.
653 _aკოლმეურნეობები საქართველოში
942 _2udc
_cᲬᲘᲒᲜᲘ